| 000 | 00389nam a22001697a 4500 | ||
|---|---|---|---|
| 003 | OSt | ||
| 005 | 20250908140444.0 | ||
| 007 | 634 pages | ||
| 008 | 250908b |||||||| |||| 00| 0 eng d | ||
| 020 | _a9789354437656 | ||
| 040 | _c | ||
| 082 |
_27 _a657 _bNAR |
||
| 245 |
_aFinancial Accounting _cNarayanaswamy,R |
||
| 250 | _a7 | ||
| 260 |
_bPHI _c2025 |
||
| 942 |
_2ddc _cBK _e7 _k657 _mNAR _n0 |
||
| 999 |
_c36242 _d36242 |
||